The Demon Under the Microscope : (Record no. 597286)

MARC details
000 -LEADER
fixed length control field 00489nam a2200193 a 4500
008 - FIXED-LENGTH DATA ELEMENTS--GENERAL INFORMATION
fixed length control field 251112s2007##################000#0#eng##
020 ## - INTERNATIONAL STANDARD BOOK NUMBER
ISBN 9781400082148
082 04 - DEWEY DECIMAL CLASSIFICATION NUMBER
Classification number 615.2723
Item number HAG
100 1# - MAIN ENTRY--AUTHOR NAME
Personal name Hager, Thomas,
245 10 - TITLE STATEMENT
Title The Demon Under the Microscope :
260 ## - PUBLICATION, DISTRIBUTION, ETC. (IMPRINT)
Name of publisher Crown,
Year of publication 2007.
300 ## - PHYSICAL DESCRIPTION
Number of Pages 354 pages
650 #0 - SUBJECT ADDED ENTRY--TOPICAL TERM
Topical Term Science.
942 ## - ADDED ENTRY ELEMENTS (KOHA)
Koha item type English Books
Holdings
Withdrawn status Lost status Damaged status Not for loan Home library Current library Shelving location Date acquired Full call number Accession Number Price effective from Koha item type
        Anna Centenary Library Anna Centenary Library 5TH FLOOR, B WING 12.11.2025 615.2723 HAG 378801 12.11.2025 English Books

Find us on the map